[Event "Corus Wijk aan Zee"]
[Site " Wijk aan Zee"]
[Date "2007.01.27"]
[Round "12"]
[White "GM Motylev, Alexander(RUS)"]
[Black "GM Radjabov, Teimour (AZE) "]
[Result "0-1"]
[WhiteElo "2647"]
[BlackElo "2729"]
[Annotator "Ìîáóòó"]
[PlyCount "79"]
[EventDate "2007.01.??"]
[EventType "tourn"]
[EventCountry "NED"]
[EventCategory "19"]
[Source "CrestBook.com"]

{âñ¸ ðåøèò ïîñëåäíèé òóð!    Â 12-é èãðîâîé äåíü âíèìàíèå âñåãî øàõìàòíîãî
ìèðà áûëî ïðèêîâàíî ê áèòâå ãèãàíòîâ Òîïàëîâ - Êðàìíèê. Ñëèøêîì î÷åâèäåí áûë
ïîäòåêñò, øàõìàòíûé è íå øàõìàòíûé, ó ýòîãî ïîåäèíêà. Îäíàêî ÿðêîãî çðåëèùà â
ýòîé ïàðòèè íå ïîëó÷èëîñü. Õîòÿ íåêîòîðûå ìîìåíòû íàâåðíÿêà çàïîìíÿòñÿ
íàäîëãî, íàïðèìåð, êîíòðîëüíûé õîä ÷åìïèîíà 40...Bf3!!    Êàê áû òî íè áûëî, â
äâóõ ïîñëåäíèõ òóðàõ ðîññèéñêèå òÿæåëîâåñû ïîçâîëèëè íàáðàòü áîëãàðñêîìó
ñóïåðãðîññó âñåãî ïîëî÷êà, òåì ñàìûì ñëåãêà çàìåäëèâ åãî ïîáåäíóþ ïîñòóïü. È
ýòèì ñðàçó æå âîñïîëüçîâàòüñÿ Ðàäæàáîâ, â ñâîåé ëþáèìîé «ñòàðîèíäèéêå»
ïåðåèãðàâøèé Ìîòûë,âà. Òåïåðü îí ñ Âåñåëèíîì ñòîèò âðîâåíü! È âñ¸ ðåøèòñÿ â
ïîñëåäíåì òóðå! Â î÷íîé âñòðå÷å! Âîëåþ òóðíèðíîãî ðàñïèñàíèÿ ïîëó÷èëñÿ
ýòàêèé ôèíàë!  Ïûòàëñÿ äîáðàòüñÿ äî ïåðâîãî ìåñòà è Àðîíÿí, íî íå ñóìåë
ïåðåèãðàòü îò÷àÿííî îòáèâàâøåãîñÿ Øèðîâà..  Êîíå÷íî, íåëüçÿ îáîéòè ìîë÷àíèå
êàòàñòðîôó Ïåòðà Ñâèäëåðà. Ïðîèãðàòü â 22 õîäà â ëþáèìîì «Ãðþíôåëüäå»! Óìó
íåïîñòèæèìî! Íî êàê âû âèäèòå, ýòî ñëó÷èëîñü.  Èíòåðåñíîé áûëà è ñõâàòêà
þíèîðîâ, î ÷,ì ÷èòàéòå â äåáþòíîì îíàëéíå Manowar/^à. Âîîáùå ýòî òóð - òóð
äåáþòîâ. Íîâûé «îíëàéíùèê». Äâà íîâûõ êîììåíòàòîðà - Ìîáóòó è Òðàêòàòîð.
Ïîñìîòðèòå, ê ïðèìåðó êàêèå êðàñîòû ðàñêîïàë ïîñëåäíèé â ñóõîé íà âèä ïàðòèè
Íàâàðà - Ïîíîìàð,â.  Ïîñëå ïåðâîãî õîäà   Íó à íà÷èíàåì ìû îáçîð ñ
«äåáþòíîé» ïàðòèè êîììåíòàòîðà Ìîáóòó.} 1. d4 {ñòàëî ÿñíî - áóäåò
«Ñòàðîèíäèéêà»! Íàïîìíþ, ÷òî â ïîñëåäíèé ðàç Ðàäæàáîâà â íåé îáûãðàë
Èâàí÷óê â ïîëóôèíàëå Êóáêà ìèðà ïî áûñòðûì øàõìàòàì. Ìîòûë,â, íàâåðíîå, áûë
áû íå ïðî÷ü ïîâòîðèòü ýòî äîñòèæåíèå.} Nf6 2. c4 g6 3. Nc3 Bg7 4. e4 d6 5. Nf3
O-O 6. Be2 e5 7. Be3 {Ñïîêîéíîå ïðîäîëæåíèå.} ({Ñàìûé ïîïóëÿðíûé õîä -} 7. O-O
{- ïðîòèâ Ðàäæàáîâà èñïóãàëñÿ äåëàòü äàæå Êðàìíèê!}) 7... Ng4 $1 {Åñëè áû íå
îò íàñêîê, òî ñëîíà íà å3 ñòàâèëè, íàâåðíîå, âñå. Ýòî áû ïîçâîëÿëî óäîáíî
ðàçâèòüñÿ, à ïîòîì ðåøàòü, ÷òî äåëàòü ñ êîðîë,ì.} 8. Bg5 f6 9. Bh4 g5 10. Bg3
Nh6 11. dxe5 ({Íàïîìíþ, ÷òî Êðàìíèê ñûãðàë òóò ïðîòèâ Ðàäæàáîâà} 11. d5 {
è, âðîäå áû, íè÷åãî íå äîáèëñÿ. Ìîòûë,â èãðàåò «ïî Èâàí÷óêó».}) 11... dxe5
12. Qd5+ ({Èâàí÷óê ñûãðàë} 12. c5 {è ñóìåë ñâåñòè äåëî ê âûãîäíîìó ýíäøïèëþ.
ßñíîå, ÷òî ó Ðàäæàáîâà òóò çàãîòîâëåíî óñèëåíèå. Âî âñÿêîì ñëó÷àå, Ìîòûë,â
ðåøèë íå ïðîÿâëÿòü èçëèøíåãî ëþáîïûòñòâà è ñûãðàë ïî-äðóãîìó. Âàðèàíò ÿâíî
áûë ïîäãîòîâëåí èì äîìà. Íî òó ïàðòèþ ñòîèò âñ¸ æå íàïîìíèòü} Nc6 13. O-O g4
14. Nh4 Be6 15. Qa4 Qd4 16. Qb5 Qb4 17. f4 $1 gxf3 18. Nxf3 Ng4 19. Rfd1 Bh6
20. Nd5 Bxd5 21. Rxd5 Rad8 22. Rad1 Qxb5 23. Bxb5 Ne3 24. Rxd8 Rxd8 25. Rxd8+
Nxd8 {, è âèðòóîçíîé èãðîé áåëûå ðåàëèçîâàëè ñâîé ïåðåâåñ (Ivanchuk,V (2750) -
Radjabov,T (2729)/Odessa UKR 2007). Âñå ïîäðîáíîñòè https://online.crestbook.
com/acp-03.htm.} 26. Bh4 Ne6 27. Bxf6 Nxc5 28. Bxe5 c6 29. Be2 Nxe4 30. g3 Ng4
31. Bb8 Be3+ 32. Kg2 Bb6 33. Ne5 Ne3+ 34. Kh3 Bd8 35. g4 a6 36. Nc4 Nd5 37. Kg2
Ng5 38. Nd6 b5 39. Nf5 Bf6 40. h4 Ne6 41. b3 Nc3 42. Bf3 c5 43. g5 Bd4 44. Bd6
Kf7 45. Bh5+ Kg8 46. Bg4 Ne4 47. Nh6+ Kg7 48. Bb8 Nd8 49. Nf5+ Kg8 50. Bf3 Nc3
51. a3 a5 52. Bc7 Ne6 53. Bxa5 Be5 54. Bxc3 Nf4+ 55. Kf1 Bxc3 56. Bc6 Bb2 57.
a4 bxa4 58. bxa4 Bc3 59. Kf2 Ba5 60. Ke3 Ng6 61. Ke4 Kf8 62. Bd5 Ne7 63. Nd6
Kg7 64. Nc4 Be1 65. a5 Nc8 66. h5 Na7 67. Kf5 Nb5 68. h6+ Kh8 69. a6 Bg3 70.
Ne5 Na7 71. Nf7+ Kg8 72. g6 {
1-0 Ivanchuk,V (2750)-Radjabov,T (2729)/Odessa UKR 2007/The Week in Chess 635})
12... Kh8 13. O-O-O {
Ðàçíîñòîðîííèå ðîêèðîâêè ïîêàçûâàþò, ÷òî Ìîòûë,â ÿâíî íå èùåò ïðîñòîé èãðû.}
Qe7 {Ðàäæàáîâ òîæå íå æåëàåò óïðîùåíèé, è åãî íå íàäî äîëãî óãîâàðèâàòü
óêëîíèòüñÿ îò ðàçìåíà ôåðçåé. Íî, êàê íè ñòðàííî, íåñìîòðÿ íà áîåâîé íàñòðîé
îáîèõ ïðîòèâíèêîâ, ïàðòèÿ äîëãîå âðåìÿ ðàçâèâàëàñü äîâîëüíî ñêó÷íî.} 14. Qa5 {
Ïî ìîåé áàçå, ýòî íîâèíêà. Ôåðçü óõîäèò ñ d5, íå äîæèäàÿñü îñîáîãî ïðèãëàøåíèÿ.
Äî ýòîãî ñðàçó äâèãàëè ïåøêó «h», íî Ìîòûë,â ðåøèë íå òîðîïèòüñÿ ñ ýòèì,
ïîñêîëüêó íà h2-h4 â òàêèõ ïîçèöèÿõ âñåãäà ñëåäóåò g5-g4.} ({Õîòÿ â ïàðòèè
Sundararajan,K (2476)-Shetty,R (2369)/Visakhapatnam IND 2004 âñ¸ çàêîí÷èëîñü
äîâîëüíî ïå÷àëüíî äëÿ ÷¸ðíûõ:} 14. h4 g4 15. Ne1 Nc6 16. Nc2 f5 17. exf5 Nd4
18. Nxd4 exd4 19. Rxd4 Bxd4 20. Qxd4+ Kg8 21. c5 Rxf5 22. Bc4+ Nf7 23. Nd5 Qd8
24. Re1 c6 25. Ne7+ {
1-0. Íî ýòî, êîíå÷íî, ñîâñåì íå îáðàçåö «ñòàðîèíäèéñêîé» èãðû.}) {Ðàäæàáîâ ñ
ðàçó çàäóìàëñÿ, â òî âðåìÿ êàê äëÿ åãî ïðîòèâíèêà ïîêà ïðîäîëæàåòñÿ äîìàøíèé
âàðèàíò.} 14... c6 15. Nd2 b6 16. Qa4 Bd7 {Çäåñü, íàêîíåö, «óñíóë» è Ìîòûë,â.
} {Çäåñü, íàêîíåö, «óñíóë» è Ìîòûë,â.} 17. f3 c5 {Òåïåðü êîíè ïîëó÷àþò
ïîëÿ d4 è d5, ïîçèöèÿ çàïèðàåòñÿ. Êîììåíòèðîâàòü äàëüíåéøèå õîäû òðóäíî, èõ
ñìûñë ñïðÿòàí ãäå-òî î÷åíü ãëóáîêî. Íàèáîëåå èíòåðåñíûå ñîáûòèÿ ðàçâåðíóëèñü
ïîçæå.} 18. Qa3 Nc6 19. Nd5 Qf7 20. Bd3 Be6 {âñ¸ ýòî ñòîèëî áû ïðîñêî÷èòü áåç
îñîáûõ çàäåðæåê, åñëè áû íå êîëè÷åñòâî ðàñõîäóåìîãî íà ýòè ìàí¸âðû âðåìåíè.
Íàïðèìåð, íà ñëåäóþùèé õîä Ìîòûë,â èñòðàòèë ÷óòü ëè íå ïîë÷àñà. Çàâåðøèëîñü
äåëî òåì, ÷òî îí ïðîèãðàë ôèãóðó íà ôëàæêå â îñòðîé ïîçèöèè.} 21. h3 {
Àòàêà íà êîðîëåâñêîì ôëàíãå, ñâÿçàííàÿ ñ h2-h4, îòêëàäûâàåòñÿ.} ({Àòàêà íà êîðî
ëåâñêîì ôëàíãå, ñâÿçàííàÿ ñ h2-h4, îòêëàäûâàåòñÿ.  Å, ìîæíî áûëî áû
ïîïðîáîâàòü îñóùåñòâèòü ïóò¸ì} 21. Bf2 {ñ èäååé g2-g4 è h2-h4. Íî íàâåðíÿêà
Ðàäæàáîâ è âýòîì ñëó÷àå íàí,ñ áû óïðåæäàþùèé óäàð} f5 {
, ê êîòîðîìó Ìîòûë,â è ðåøèë ïîäãîòîâèòüñÿ, ïîêðåï÷å «ïðèõâàòèâ» áåëûå ïîëÿ.
}) 21... f5 22. Nb1 Nd4 23. Nbc3 Rfd8 24. Be1 f4 25. Kb1 Ng8 26. Ne2 {
Ê ýòîìó ìîìåíòó íà ÷àñàõ ó ñîïåðíèêîâ îñòàâàëîñü ìèíóò ïî 25.} Ne7 $5 {
Ïðîâîêàöèÿ! Ðàäæàáîâ ïðåäëàãàåò ïðîòèâíèêó àòàêîâàòü ñâîþ ïåøêó f4 - îäíà å,
çàùèòíèöà (íà e5) ìîæåò áûòü óñòðàíåíà ðàçìåíîì íà d4 (âåäü cd èãðàòü íåëüçÿ),
à äðóãàÿ (íà g5) - îòâëå÷åíà õîäîì h3-h4.} ({
Ýòîé âîçìîæíîñòè ó áåëûõ áû íå áûëî ïðè êîìïüþòåðíîì õîäå} 26... Nf6 {
. Âîçìîæíî, òîãäà ïðîòèâíèêè ñïîêîéíî äîæèëè áû äî 40-ãî õîäà.}) 27. Nxd4 {
Ìîòûë,â ïðèíèìàåò âûçîâ, è íà÷èíàåòñÿ íàñòîÿùàÿ áîðüáà. Ýòîò õîä íè÷åãî íå
ïîðòèò, íî îñòàòîê ïàðòèè Ðàäæàáîâ èãðàë ãîðàçäî óâåðåííåå, áûñòðåå è âåçäå,
ãäå íàäî, óãàäûâàë ïåðâóþ ñòðî÷êó Ðûáêè. âñ¸-òàêè ïîíèìàíèå òàêèõ ïîçèöèé ó
Òåéìóðà ôàíòàñòè÷åñêîå.} exd4 (27... cxd4 $4 28. Nxe7) 28. h4 g4 29. Nc7 Rac8
30. Nxe6 Qxe6 31. Bd2 ({Ïåøêó a7 íåëüçÿ áèòü èç-çà ïîèìêè ôåðçÿ:} 31. Qxa7 $4
Ra8 32. Qb7 Rdb8 33. Qc7 Be5) 31... gxf3 32. gxf3 Nc6 $1 {Òî÷íûé õîä,
ðåêîìåíäóåìûé âñåìè ïðîãðàììàìè. Ó Ìîòûë,âà òóò, åñëè ìíå íå èçìåíÿåò ïàìÿòü,
îñòàâàëàñü ïàðà ìèíóò, ó Ðàäæàáîâà - öåëûõ äåñÿòü. Âîîáùå æàëêî, ÷òî íå
ñîõðàíÿþòñÿ ïîêàçàíèÿ ÷àñîâ. Äëÿ ïîíèìàíèÿ òàêèõ ïàðòèé îíè î÷åíü âàæíû.} ({
Åñòåñòâåííàÿ çàùèòà} 32... Be5 $6 {ñëàáåå èç-çà} 33. Bf1 $1 {Ïîñëå ÷åãî
ãðîçèò íå òîëüêî âûèãðûø êà÷åñòâà, íî è â íåêîòîðûõ âàðèàíòàõ óäàð íà a7,
ïîñêîëüêó ôåðçÿ íå âñåãäà óäà,òñÿ ïîéìàòü.}) 33. Bxf4 $4 {Ýòî âçÿòèå
ûì îáðàçîì îêàçûâàåòñÿ ãðóáåéøåé îøèáêîé, ñðàçó ïðîèãðûâàþùåé ïàðòèþ. Â
îòâåò ÷¸ðíûå áåðóò íà f3 è ñîçäàþò ñòðàøíóþ ñâÿçêó ñëîíà d3 è ñìåðòåëüíûå
óãðîçû ïî áåëûì ïîëÿì.} ({Åù¸ íå ïîçäíî áûëî ñâåðíóòü ñ ãèáåëüíîãî ïóòè. Áûëî
ìíîãî ñïîêîéíûõ âîçìîæíîñòåé, íàïðèìåð} 33. Bf1 {ñ ïåðåâîäîì ñëîíà íà f5.
Âïîëíå ìîæíî áûëî áû äîæèòü äî 40-ãî õîäà, à òàì ñïîêîéíî îãëÿäåòüñÿ...}) 33...
Rf8 34. Bc1 {Äðóãèå îòñòóïëåíèÿ íè÷åì íå ëó÷øå - â îòâåò ñëåäîâàëî òî æå
âçÿòèå íà f3, ñ òåìè æå ïîñëåäñòâèÿìè.} Rxf3 35. Rhg1 {
Òóò óæå íè÷åãî íå ïîìîãàåò.} ({Íàïðèìåð,} 35. Rhf1 Rcf8 36. Rxf3 Rxf3 37. Rf1
Rg3 $1 38. Bf4 Rh3 {, è ñëîí d3 íåèçáåæíî ãèáíåò ïîñëå Ne5 èëè Nb4}) ({
Ôîðìàëüíî, óïîðíåå âñåãî} 35. h5 $1 Nb4 36. h6 Be5 37. Rhf1 Rcf8 38. Be2 $1
Rxf1 39. Bxf1 Qg4 40. Qb3 Qxe4+ 41. Bd3 Nxd3 42. Qxd3 Qxd3+ 43. Rxd3 Kg8 {
ñ òÿæåëåéøèì ýíäøïèëåì.}) 35... Nb4 36. Qxa7 Rg8 37. Qa3 b5 $1 38. e5 {
Ïîñëåäíÿÿ ëîâóøêà, ïîñòàâëåííàÿ íà ôëàæêå. Íî ó Òåéìóðà òóò áûë öåëûé âàãîí
âðåìåíè.} ({Ïëîõî, êîíå÷íî,} 38. cxb5 Nxd3 39. Rxd3 Qxe4 40. Rgd1 c4 $19)
38... Rxd3 $1 {
Òî÷íûé óäàð, ïåðâàÿ ñòðîêà âñåõ «ïðîã». Êîíå÷íî, âûèãðûâàëè è äðóãèå õîäû.}
({Ëîâóøêà çàêëþ÷àëàñü â} 38... bxc4 $6 39. Rxg7 $1 Rxg7 $4 40. Qa8+ Rg8 41.
Qxf3 {, è áåëûå ñïàñëèñü.}) 39. Rxd3 Qf5 40. Rg5 {Ðàäæàáîâ òóò çàäóìàëñÿ, ÷òî
ëó÷øå - ñðàçó ñúåñòü ëàäüþ èëè ñïåðâà ñûãðàòü Qe4. È åñëè âûáðàòü Qe4, òî
÷åì òîãäà ïîòîì å, áèòü: êîí¸ì èëè ïåøêîé. Íà âñ¸ ýòî ó íåãî åù¸ îñòàâàëîñü
âðåìÿ! Íî åãî ñîïåðíèêíå ñòàë äîæèäàòüñÿ åãî ðåøåíèÿ è ñäàëñÿ.  Óæ íå çíàþ,
êàê òàì â äåáþòíîé è ïîñëåäåáþòíîé ñòàäèè, íî íà ôèíèøíîì ýòàïå áîðüáû
Òåéìóð áûë ïðîñòî âåëèêîëåïåí.} 0-1

[Event "Corus Wijk aan Zee"]
[Site " Wijk aan Zee"]
[Date "2007.01.27"]
[Round "12"]
[White "GM van Wely, Loek (NED)"]
[Black "GM Svidler, Peter (RUS)"]
[Result "1-0"]
[WhiteElo "2683"]
[BlackElo "2728"]
[Annotator "Âàñèëèé Ëåáåäåâ"]
[PlyCount "43"]
[EventDate "2007.01.??"]
[EventType "tourn"]
[EventCountry "NED"]
[EventCategory "19"]
[Source "CrestBook.com"]

{Ïîñëå ýòîé ïàðòèè ÿ îòçûâàþ ñâî, çàÿâëåíèå î âñòóïëåíèè â ðÿäû
«ãðþíôåëüäèñòîâ» (ñì. ïàðòèþ Ìîòûë,â - Ñâèäëåð, 8-é òóð, >= 50).} 1. d4 Nf6
2. c4 g6 3. Nc3 d5 4. cxd5 Nxd5 5. e4 Nxc3 6. bxc3 Bg7 7. Bc4 c5 8. Ne2 Nc6 9.
Be3 O-O 10. O-O Bd7 ({Íà íàïðàâëåíèè} 10... Bg4 11. f3 Na5 12. Bd3 cxd4 13.
cxd4 Be6 14. d5 {ñóäÿ ïî ïàðòèè 4-ãî òóðà Òîïàëîâ - Øèðîâ ó ÷¸ðíûõ ïðîáëåìû.
https://online.crestbook.com/wijk07-04.htm}) 11. Rb1 Qc7 12. Bf4 ({
Ìåíåå óäà÷íî, âñòðåòèâøååñÿ â ïàðòèè 1-ãî òóðà Øèðîâ - Ñâèäëåð (>= 4)} 12. Bd3
Rad8 {, è ëàäüÿ ïðîñêàêèâàåò â öåíòð.}) 12... Qc8 13. Rc1 ({
Âåñ,ëåíüêàÿ ïàðòèÿ áûëà ñûãðàíà íà ýòîì òóðíèðå âî 2-ì òóðå} 13. d5 Na5 14. Bd3
e5 15. Bg3 f5 16. f4 {, ïðè÷,ì ïî õîäó Ìàãíóñ íå íàø,ë âûèãðûø â îäèí õîä, è
â èòîãå - äàæå ïðîèãðàë (Carlsen,M (2690) - Navara,D (2719)/Wijk aan Zee NED
2007).}) 13... a6 $146 {
Ìíå êàæåòñÿ, ÷òî, íå ñìîòðÿ íà ðåçóëüòàò ïàðòèè, - íåïëîõàÿ íîâèíêà...} ({
åäèíñòâåííîé ïàðòèè-ïðåäøåñòâåííèöå ïðîèñõîäèëè ñëåäóþùèå ñîáûòèÿ} 13... Rd8
14. d5 Ne5 15. Bxe5 Bxe5 16. f4 Bg7 17. Qb3 Rb8 18. a4 b6 19. e5 Be8 20. Ng3 a6
21. Rcd1 b5 22. axb5 axb5 23. Be2 Qb7 24. Bf3 Qb6 25. Kh1 f6 26. Rfe1 fxe5 27.
fxe5 Kh8 28. Ne4 Bxe5 {1/2-1/2 Rodshtein,M (2377)-Huzman,A (2581)/Ashdod ISR
2004/The Week in Chess 531}) 14. Qd2 b5 15. Bd3 Qb7 {
Âèäèìî, ýòèì õîäîì ÷¸ðíûå ñòóïàþò íà êðèâóþ äîðîæêó.} ({
Áîëåå «ãðþíôåëüäîâñêèì» âûãëÿäåë òû÷îê} 15... e5 $1 {
, çàâÿçûâàÿ âñòðå÷íûé áîé.}) 16. Bh6 Bxh6 17. Qxh6 cxd4 {
Ñâîèìè ðóêàìè ìîñòÿ äîðîæêó áåëîé ëàäüå íà êîðîëåâñêîé ôëàíã. Ñåáå íà ïîãèáåëü!
} 18. cxd4 Qb6 $2 ({Ïîñëå} 18... Rac8 {, ïî êðàéíåé ìåðå, íå ïðîõîäèëî} 19. Rc5
{èç-çà} Nxd4 $1) 19. Rc5 Bg4 $4 {
Äà ÷òî æå ýòî òàêîå? Êàê óãîäíî, íî òîëüêî íå òàê!} ({Â ñëó÷àå} 19... Rfd8 {
àòàêà, àíàëîãè÷íàÿ ïðîøåäøåé «íà óðà» â ïàðòèè, íå ïîëó÷àëàñü:} 20. Nf4
Nxd4 21. Rh5 Qf6 22. Qxh7+ Kf8 {, è íà÷èíàëàñü áîðüáà}) 20. Nf4 {È ïîñëå äëèòå
ëüíûõ è, íàâåðíÿêà íå î÷åíü âåñ,ëûõ ðàçäóìèé, Ï,òð ðåøèë «÷àøó ñèþ èñïèòü
äî äíà»...} Nxd4 ({È îñòàëüíûå âàðèàíòû ïðîñòû è ñìåõîòâîðíû:} 20... Rad8 21.
Rg5 Bc8 (21... Bd7 22. Nh5) 22. Nh5 $1) ({Èëè} 20... Kh8 21. Rg5 Bd7 22. d5 Ne5
23. Rh5 $1) (20... f6 21. Nd5 Qb7 22. Rxc6 $1) 21. Rg5 {Åäèíñòâåííûé
âûèãðûâàþùèé, ýëåìåíòàðíî íàõîäèìûé õîä. ×¸ðíûå îñòàþòñÿ áåç ôèãóðû.} Bf3
22. Rg3 {Êàê òàì ñêàçàíî ó êëàññèêîâ: «Ìîòîð áûë î÷åíü ïîõîæ íà íàñòîÿùèé.
Íî íå ðàáîòàë».  Â ýòîé ïàðòèè â÷åðàøíèé òðèóìôàòîð áûë ñîâñåì íå ïîõîæ ñàì
íà ñåáÿ. Âèäèìî, áèòâà ñ Òîïàëîâûì îòíÿëà ñëèøêîì ìíîãî ñèë...} ({Áûë è âòîðîé,
áîëåå ñëîæíûé ïóòü ê ïîáåäå. Õîòÿ ÷åãî òóò ñëîæíîãî äëÿ ãðîññìåéñòåðà:} 22.
Nh5 $5 Ne6 (22... Bxh5 23. Rxh5 gxh5 24. Qxb6) 23. gxf3 Rfd8 24. f4 $1 Rxd3 25.
f5 Qd8 26. fxe6 Qf8 27. exf7+ Qxf7 28. Rg4 {Æóòêèé ðàçãðîì!  Ëþê ïðîäîëæèë
ñáîð ñêàëüïîâ ýëèòíûõ øàõìàòèñòîâ. Â ýòîì, âèäèìî, è çàêëþ÷àåòñÿ öåëü åãî
âûñòóïëåíèé â Âåéê-àí-Çåå.}) 1-0